El hombre como persona (Record no. 80056)

MARC details
000 -LEADER
campo de control de longitud fija 00552nam a2200169 i 4500
001 - NÚMERO DE CONTROL
campo de control 80056
003 - IDENTIFICADOR DE NÚMERO DE CONTROL
campo de control ES-MaACL
005 - FECHA Y HORA DE LA ÚLTIMA TRANSACCIÓN
campo de control 20230906174122.0
007 - CAMPO FIJO DE DESCRIPCIÓN FÍSICA--INFORMACIÓN GENERAL
campo de control de longitud fija t|
008 - DATOS DE LONGITUD FIJA--INFORMACIÓN GENERAL
campo de control de longitud fija 041026s1947 sp ||||1| spa d
100 1# - ENTRADA PRINCIPAL--NOMBRE DE PERSONA
Nombre de persona Hinsie, Leland E.
9 (RLIN) 63782
245 13 - MENCIÓN DEL TÍTULO
Título El hombre como persona
Resto del título : introducción a la medicina psicosomática /
Mención de responsabilidad, etc. por Leland E. Hinsie ; traducción de J. Guijosa Pernús.
260 ## - PUBLICACIÓN, DISTRIBUCIÓN, ETC.
Lugar de publicación, distribución, etc. Madrid :
Nombre del editor, distribuidor, etc. Espasa-Calpe,
Fecha de publicación, distribución, etc. 1947.
300 ## - DESCRIPCIÓN FÍSICA
Extensión 283 p. ;
Dimensiones 21 cm.
700 1# - ENTRADA AGREGADA--NOMBRE PERSONAL
Nombre de persona Guijosa Pernús, Juan.
9 (RLIN) 60682
852 ## - LOCALIZACIÓN
Ubicación ES-MaACL
Número de control de estantería F-5203
Sublocalización o colección R.26728
Holdings
Estatus retirado Estado de pérdida Estado de daño No para préstamo Biblioteca de origen Biblioteca actual Ubicación en estantería Fecha de adquisición Fuente de adquisición Total de préstamos Signatura topográfica completa Código de barras Visto por última vez Precio de reemplazo Tipo de ítem Koha
        Biblioteca del Ateneo de Madrid Biblioteca del Ateneo de Madrid Depósito 2 17/01/2008     F-5203 1083703 23/02/2023 23/02/2023 Libro impreso